Medical Abbreviations #2 - Statistics

General Stats
  • This quiz has been taken 384 times
    383 since last reset
  • The average score is 4 of 15
Answer Stats
Hint Answer % Correct
IBS irritable bowel syndrome
72%
NH₄ ammonia
40%
NPO, npo nothing by mouth
37%
N&V nausea and vomiting
36%
NG nasogastric (tube)
35%
HBV hepatitis B virus
31%
TPN total parenteral nutrition
25%
UGI upper gastrointestinal
23%
HCI hydrochloric acid
21%
pc after meals (post cibum)
20%
PUD peptic ulcer disease
17%
LES lower esophageal sphincter
7%
O&P ova and parasites
6%
RDA recommended dietary or daily allowance
6%
PP postprandial (after meals)
2%
No matching quizzes found
Score Distribution
Percent of People with Each Score
Percentile by Number Answered
Your Score History
You have not taken this quiz since the last reset